Politická ekonomie

Enregistré dans:
Détails bibliographiques
Format: Publication en série
Langue:tchèque
Publié: Praha Ekonomický ústav ČSAV 1980
Tags: Ajouter un tag
Pas de tags, Soyez le premier à ajouter un tag!

MARC

LEADER 00000nas2a2200000 4500
001 s124352
005 20250730114224.2
041 0 |a cze 
044 |a CZ 
245 1 0 |a Politická ekonomie 
264 1 |a Praha  |b Ekonomický ústav ČSAV  |c 1980 
300 |a 2 zv. 
773 0 |w eu_un_cat*s120013